Obálka Náhled e-knihy:
PDF Epub
Pro půjčování e-knih musíte být přihlášeni.
Jak si půjčit online?

Cesta šamana /

Hernán Huarache Mamani prežil veľkú časť svojho života ako obchodník v peruánskej Lime. Keď ochorel a tradičná medicína mu nedokázala pomôcť, vrátil sa do rodnej dediny v Andách. Vďaka otcovi podstúpil prírodnú liečbu a absolvoval rituály, ktoré ho uzdravili a prinútili ho načúvať Matke Prírode. Čo...

Celý popis

Uloženo v:
Hlavní autor: Mamani, Hernán Huarache (Autor)
Médium: E-kniha
Jazyk:Czech
Vydáno: Praha : Albatros Media Slovakia s.r.o., 2025
Tagy:
Žádné tagy
LEADER 01533nam a22002297i 4500
001 302721
007 ta
008 260514s2025 xr ||||| |||| 00| 0 cze d
020 |a 9788056649503 
044 |a xr 
100 1 |a  Mamani, Hernán Huarache  |4 aut 
245 1 0 |a Cesta šamana /  |c  Mamani, Hernán Huarache 
240 1 0 |a Negli occhi dello sciamano 
264 1 |a Praha :  |b Albatros Media Slovakia s.r.o.,  |c 2025 
300 |a 1 online zdroj (280 stran) 
336 |a text  |b txt  |2 rdacontent 
337 |a bez média  |b n  |2 rdamedia 
338 |a online zdroj  |b cr  |2 rdacarrier 
520 2 |a Hernán Huarache Mamani prežil veľkú časť svojho života ako obchodník v peruánskej Lime. Keď ochorel a tradičná medicína mu nedokázala pomôcť, vrátil sa do rodnej dediny v Andách. Vďaka otcovi podstúpil prírodnú liečbu a absolvoval rituály, ktoré ho uzdravili a prinútili ho načúvať Matke Prírode. Čo Mamani ďalej nájde na svojej spirituálnej ceste? Dedičstvo starovekých šamanských tradícií ožíva pod vedením kurander – žien zasväcujúcich nás do tajomstva ženskej sily. 
910 |a RBIT002 
998 |d 426978  |a https://core.palmknihy.cz/api/books/426978/cover?tesgia  |b https://core.palmknihy.cz/api/books/426978/cover/400?tesgia  |c https://core.palmknihy.cz/api/books/426978/cover/50?tesgia  |e 2030-02-08  |g 280  |i 9788056649503  |j https://core.palmknihy.cz/api/books/426978/preview.epub  |k https://core.palmknihy.cz/api/books/426978/preview.pdf  |l   |q 49  |r 1  |s https://www.palmknihy.cz/kniha/426978  |t ebook  |y 2025  |z 1 
999 |d 302719